000 00353 a2200169 4500
001 44502
020 _a
040 _cAnchieta - Aquarius
100 _aBrito, Willian
240 1 0 _aViagem ao Cretáceo
_lpor
245 1 0 _aViagem ao Cretáceo
300 _a27
362 0 _a1997
440 1 _aBagaço
650 4 _aLiteratura juvenil
942 _cBK
999 _c44502
_d44502